| 000 | 00977nam a2200265 a 4500 | ||
|---|---|---|---|
| 008 | 090113s1994 ||||||||||||||||| || u | ||
| 020 | _a9072746481 | ||
| 050 | _aCTA(08)AGR | ||
| 100 | _aBerkel, Briggitte Maas-van | ||
| 245 | 1 | 0 |
_aPreservation of fish and meat _cBrigitte Maas-van Berkel, Brigiet van Boogaard [and] Corlien Heijnen |
| 260 |
_aWageningen, Netherlands _bCTA _c1994 |
||
| 300 | _a[ii], 66p.: ill. | ||
| 350 | _a0.00 | ||
| 490 | _aAGRODOK | ||
| 500 | _aAgrodok-series No.1 | ||
| 650 | _aFISHERY PRODUCTS--PRESERVATION | ||
| 650 | _aMEAT--PRESERVATION | ||
| 650 | _aFOOD--PRESERVATION | ||
| 650 | _aFOOD | ||
| 700 | _aBoogaard, Brigiet van den | ||
| 700 | _aHeijnen, Corlien | ||
| 710 | _aAgromisa Foundation | ||
| 710 | _aTechnical Centre for Agricultural and Rural Cooperation (CTA) | ||
| 995 |
_D0.00 _FCBU-MAIN LIBRARY (Kitwe) _H1 _I0.00 _M1 _UAVAILABLE _WMar 15, 2010 _ZInternational Publications |
||
| 999 |
_c54397 _d54397 |
||